01026 2200313 4500001002100000005001500021035002000036007000300056008004100059020002200100040002200122082001500144084001800159245008300177650002500260850001200285264003100297336002100328337002300349338003800372300003100410856007600441852002000517500006900537700003400606100002800640990002200668990002200690INLIS00000000086344520210803021231 a0010-0821000144ta210705t2014 jkia gs ind d a978-602-452-048-9 aYOPDYOGbinderda04223a152.52 a152.52 SUS s10a100 cara mengenali karakter dia /cSusi Susanti; penyunting, Anjelita Noverina 4aPsikologi fisiologis aYOPDYOG31aJakarta :bGrasindo,c2014 2rdacontentateks 2rdamediaakomputer 2rdacarrierasumber sambung jaring a1 berkas komputer (7,0 MB)40nPerpustakaan Digital iJogjauhttp://ijogja.id /publications/books/154418 aaplikasi iJogja aUntuk mengakses buku ini silakan unduh aplikasi http://ijogja.id0 aAnjelita Noverinaepenyunting0 aSusi Susantiepengarang a002379-EPD/B.2016 a002380-EPD/B.2016